Welcome to WEB OPAC of MRSPTU Central Library

Theory and application of fluid mechanics (Record no. 2553)

MARC details
000 -LEADER
fixed length control field 00385nam a2200145Ia 4500
008 - FIXED-LENGTH DATA ELEMENTS--GENERAL INFORMATION
fixed length control field 230711s9999||||xx |||||||||||||| ||und||
041 ## - LANGUAGE CODE
Language code of text/sound track or separate title ENG
082 ## - DEWEY DECIMAL CLASSIFICATION NUMBER
Classification number 624
Item number SU-T
100 ## - MAIN ENTRY--PERSONAL NAME
Personal name Subramanya,K
245 #0 - TITLE STATEMENT
Title Theory and application of fluid mechanics
250 ## - EDITION STATEMENT
Edition statement 1st
260 ## - PUBLICATION, DISTRIBUTION, ETC.
Date of publication, distribution, etc. 1993
Place of publication, distribution, etc. New Delhi
Name of publisher, distributor, etc. Tata McGraw Hill Education Limited
650 ## - SUBJECT ADDED ENTRY--TOPICAL TERM
Topical term or geographic name entry element Mechanical Engineering
942 ## - ADDED ENTRY ELEMENTS (KOHA)
Koha item type Book
Holdings
Withdrawn status Lost status Damaged status Not for loan Collection Home library Current library Date acquired Total checkouts Full call number Barcode Date last seen Price effective from Koha item type
          MRSPTU Central Library MRSPTU Central Library     624 SU-T 9701 08/17/2023 08/17/2023 Book
          MRSPTU Central Library MRSPTU Central Library     620 SU-F 10263 08/17/2023 08/17/2023 Book
          MRSPTU Central Library MRSPTU Central Library     620 SU-F 10264 08/17/2023 08/17/2023 Book
          MRSPTU Central Library MRSPTU Central Library     620 SU-F 10265 08/17/2023 08/17/2023 Book
          MRSPTU Central Library MRSPTU Central Library     620 SU-F 10266 08/17/2023 08/17/2023 Book
          MRSPTU Central Library MRSPTU Central Library     620 SU-F 10267 08/17/2023 08/17/2023 Book

Website Designed and Developed by MRSPTU Central Library Team

E-mail Id: librarian@mrsptu.ac.in